[Event "FIDE World Bl Team Pool C"]
[Site "London ENG"]
[Date "2025.06.14"]
[Round "12.3"]
[White "Yakubboev, Nodirbek"]
[Black "Svane, Frederik"]
[Result "0-1"]
[WhiteTitle "GM"]
[BlackTitle "GM"]
[WhiteElo "2659"]
[BlackElo "2667"]
[WhiteTeam "Uzbekistan"]
[BlackTeam "Germany and Friends"]
[WhiteFideId "14203987"]
[BlackFideId "12923044"]
[EventDate "2025.06.14"]
[EventType "team"]

1. d4 e6 2. Nf3 d5 3. c4 Nf6 4. g3 Bb4+ 5. Bd2 Bd6 6. Bg2 O-O 7. Qc2 c6 8. O-O
Nbd7 9. b3 Ne4 10. Bc1 f5 11. Ba3 Bxa3 12. Nxa3 a5 13. Qb2 Qe7 14. Nc2 b5 15.
cxb5 cxb5 16. b4 Nb6 17. bxa5 Rxa5 18. Ne5 Nc4 19. Nxc4 bxc4 20. Bxe4 fxe4 21.
f3 exf3 22. Rxf3 Rxf3 23. exf3 Bd7 24. Qb8+ Qe8 25. Qb4 Rb5 26. Qc3 Qb8 27. Ne3
Rb1+ 28. Nf1 Rxa1 29. Qxa1 Qb4 30. a3 Qb3 31. Kf2 c3 32. Ke1 Bb5 33. Ne3 c2 34.
Qc1 Qc3+ 35. Kf2 Ba4 36. Ke2 Qxd4 37. Qd2 Bb5+ 0-1

[Event "FIDE World Bl Team Pool C"]
[Site "London ENG"]
[Date "2025.06.14"]
[Round "12.4"]
[White "Kollars, Dmitrij"]
[Black "Vokhidov, Shamsiddin"]
[Result "1/2-1/2"]
[WhiteTitle "GM"]
[BlackTitle "GM"]
[WhiteElo "2633"]
[BlackElo "2644"]
[WhiteTeam "Germany and Friends"]
[BlackTeam "Uzbekistan"]
[WhiteFideId "12909572"]
[BlackFideId "14204223"]
[EventDate "2025.06.14"]
[EventType "team"]

1. e4 c5 2. Nf3 e6 3. d4 cxd4 4. Nxd4 Nc6 5. Nc3 Qc7 6. Be3 a6 7. a3 Nxd4 8.
Qxd4 b5 9. Be2 Bb7 10. O-O Bd6 11. f4 e5 12. Qd2 exf4 13. Bxf4 Bxf4 14. Rxf4 Ne7
15. Rd1 O-O 16. Qd6 Rac8 17. Rf2 Qxd6 18. Rxd6 Rfd8 19. Bg4 Rc7 20. Rfd2 Bc6 21.
e5 Nc8 22. R6d4 g6 23. e6 f5 24. Bf3 Ne7 25. Bxc6 Nxc6 26. Rxd7 Rcxd7 27. Rxd7
Rxd7 28. exd7 Kf7 29. a4 bxa4 30. Nxa4 Ke7 31. Nc5 a5 32. c3 Kd6 33. b4 axb4 34.
cxb4 Kc7 35. b5 Nd8 36. Na4 Kxd7 37. Kf2 Kd6 38. Ke3 Ne6 39. g3 g5 40. Kd3 Nc5+
41. Nxc5 Kxc5 42. b6 Kxb6 43. Kd4 Kc6 44. Ke5 f4 45. gxf4 gxf4 46. Kxf4 1/2-1/2

[Event "FIDE World Bl Team Pool C"]
[Site "London ENG"]
[Date "2025.06.14"]
[Round "12.5"]
[White "Khamdamova, Afruza"]
[Black "Wagner, Dinara"]
[Result "1-0"]
[WhiteTitle "WIM"]
[BlackTitle "IM"]
[WhiteElo "2326"]
[BlackElo "2404"]
[WhiteTeam "Uzbekistan"]
[BlackTeam "Germany and Friends"]
[WhiteFideId "14210444"]
[BlackFideId "24157570"]
[EventDate "2025.06.14"]
[EventType "team"]

1. e4 c5 2. Nf3 d6 3. d4 cxd4 4. Nxd4 Nf6 5. Nc3 a6 6. Be2 e6 7. O-O Be7 8. a4
O-O 9. Be3 Nc6 10. Kh1 Qc7 11. f4 Nxd4 12. Qxd4 Bd7 13. a5 Bc6 14. Qd3 d5 15. e5
Nd7 16. Bd4 Bb4 17. Qh3 Rfe8 18. Bd3 Nf8 19. f5 exf5 20. Qxf5 Re6 21. Rf2 Bxc3
22. bxc3 Bb5 23. Raf1 Re7 24. Bb6 Qd7 25. Bxb5 Qxb5 26. Qg5 Rae8 27. Qg3 Ne6 28.
h3 Qc4 29. Qd3 Qc6 30. Rd1 Nc7 31. Bxc7 Qxc7 32. Qxd5 Rxe5 33. Qd2 h6 34. Rdf1
R8e7 35. c4 Rxa5 36. Rf4 Rae5 37. Rg4 Qc6 38. Qd8+ Kh7 39. Qd3+ g6 40. Rgf4 Kg7
41. Qd4 Kg8 42. Qd8+ Kg7 43. Qd4 Qc5 44. Qc3 Kg8 45. Qd2 Re2 46. Qd8+ Kg7 47.
Qd3 Qe5 48. Qf3 Qe6 49. c5 Rxc2 50. Rf6 Qc4 51. Rd6 Qxc5 52. Qf6+ Kh7 53. Qxe7 1-0

[Event "FIDE World Bl Team Pool C"]
[Site "London ENG"]
[Date "2025.06.14"]
[Round "12.6"]
[White "Lobkin, Bohdan"]
[Black "Imomkuzieva, Nilufarkhon"]
[Result "0-1"]
[BlackTitle "WFM"]
[WhiteElo "1900"]
[BlackElo "2066"]
[WhiteTeam "Germany and Friends"]
[BlackTeam "Uzbekistan"]
[WhiteFideId "34115552"]
[BlackFideId "14216736"]
[EventDate "2025.06.14"]
[EventType "team"]

1. e4 e5 2. Nf3 Nc6 3. Nc3 Nf6 4. h3 g6 5. Bc4 Bg7 6. O-O d6 7. Bb3 O-O 8. Re1
a6 9. d3 b5 10. a3 Bb7 11. Ne2 Na5 12. Ba2 c5 13. Ng3 Nc6 14. c3 d5 15. Bg5 d4
16. cxd4 cxd4 17. Bd5 Qd6 18. Bxf6 Bxf6 19. Rc1 Rac8 20. h4 Na5 21. Ba2 Bg7 22.
h5 Bh6 23. Rc5 Rfd8 24. Rxc8 Rxc8 25. Qb1 Rc7 26. Nh4 Bc8 27. b4 Nb7 28. Bd5 Nd8
29. Qa1 Be6 30. Bxe6 Nxe6 31. Rb1 Nf4 32. a4 Nxd3 33. axb5 axb5 34. Qa8+ Qf8 35.
Qd5 Rc2 36. hxg6 hxg6 37. Nxg6 Qe8 38. Nf5 Bf8 39. Nxf8 Qxf8 40. Ra1 Rc1+ 41.
Rxc1 Nxc1 42. Qxe5 d3 43. Qd4 Ne2+ 44. Kh2 Nxd4 0-1

[Event "FIDE World Bl Team Pool C"]
[Site "London ENG"]
[Date "2025.06.14"]
[Round "12.1"]
[White "Pichot, Alan"]
[Black "Kogan, Arthur"]
[Result "1-0"]
[WhiteTitle "GM"]
[BlackTitle "GM"]
[WhiteElo "2588"]
[BlackElo "2475"]
[WhiteTeam "Duobeniajan Costa Calida ESJ"]
[BlackTeam "OlalaStars"]
[WhiteFideId "110973"]
[BlackFideId "2800802"]
[EventDate "2025.06.14"]
[EventType "team"]

1. e4 d5 2. exd5 Qxd5 3. Nc3 Qa5 4. d4 c6 5. Nf3 Bf5 6. Bd2 e6 7. Bc4 Qb6 8. Qe2
Nf6 9. O-O-O Bb4 10. a3 Bxc3 11. Bxc3 Nd5 12. Bd2 Nd7 13. h3 h6 14. Rhe1 O-O-O
15. Bd3 Bxd3 16. Qxd3 Kb8 17. c4 Ne7 18. Bf4+ Ka8 19. g4 g5 20. Be5 Rhg8 21. Bg3
Ng6 22. Qc3 Nf4 23. Bxf4 gxf4 24. Re4 Qc7 25. Kb1 Nf6 26. Ree1 h5 27. g5 Nh7 28.
h4 Nf8 29. Ne5 Ng6 30. Nxg6 Rxg6 31. Qf3 a6 32. Qxh5 c5 33. dxc5 Rxd1+ 34. Rxd1
e5 35. Qh8+ Ka7 36. Rd5 Re6 37. Qd8 Qxd8 38. Rxd8 e4 39. Kc2 e3 40. fxe3 f3 41.
Kd2 Re4 42. h5 Rxc4 43. Rd4 f2 44. Ke2 Rxc5 45. Kxf2 Rxg5 46. Rh4 Rf5+ 47. Kg3 1-0

[Event "FIDE World Bl Team Pool C"]
[Site "London ENG"]
[Date "2025.06.14"]
[Round "12.2"]
[White "Krivenko, Dion"]
[Black "Ibarra Jerez, Jose Carlos"]
[Result "0-1"]
[WhiteTitle "FM"]
[BlackTitle "GM"]
[WhiteElo "2243"]
[BlackElo "2545"]
[WhiteTeam "OlalaStars"]
[BlackTeam "Duobeniajan Costa Calida ESJ"]
[WhiteFideId "4508378"]
[BlackFideId "2226332"]
[EventDate "2025.06.14"]
[EventType "team"]

1. Nc3 c5 2. d4 cxd4 3. Qxd4 Nc6 4. Qd3 Nf6 5. e4 d6 6. Be2 g6 7. Nf3 Bg7 8. O-O
O-O 9. Nd5 Nd7 10. c3 a5 11. Bg5 h6 12. Be3 Nc5 13. Bxc5 dxc5 14. Qb5 Qd6 15.
Nb6 Rb8 16. Rad1 Qf4 17. Qxc5 Qxe4 18. Bb5 Bg4 19. Rfe1 Qf4 20. Nd5 Qf5 21. Bxc6
Kh8 22. Bb5 Bxf3 23. gxf3 e6 24. Bd7 Qg5+ 25. Kh1 exd5 26. Qxd5 Qf6 27. Kg2 b6
28. Bh3 Rbd8 29. Qb5 Kh7 30. a4 Rxd1 31. Rxd1 Qf4 32. Qd5 Be5 33. Rh1 Qg5+ 34.
Kf1 Rd8 35. Qb3 Kg7 36. Bg4 h5 37. h4 Qf4 38. Bh3 Qxf3 0-1

[Event "FIDE World Bl Team Pool C"]
[Site "London ENG"]
[Date "2025.06.14"]
[Round "12.3"]
[White "Cuenca Jimenez, Jose Fernando"]
[Black "Sason, Noam"]
[Result "0-1"]
[WhiteTitle "GM"]
[WhiteElo "2487"]
[BlackElo "2153"]
[WhiteTeam "Duobeniajan Costa Calida ESJ"]
[BlackTeam "OlalaStars"]
[WhiteFideId "2255570"]
[BlackFideId "371282346"]
[EventDate "2025.06.14"]
[EventType "team"]

1. d4 Nf6 2. Bf4 g6 3. Nc3 d5 4. e3 a6 5. h4 Bg7 6. Be2 h5 7. Nf3 O-O 8. Ne5 c5
9. g4 hxg4 10. Nxg4 Nxg4 11. Bxg4 Bxg4 12. Qxg4 cxd4 13. exd4 Bxd4 14. h5 Qd7
15. Qg3 Qf5 16. O-O-O Nc6 17. Rh4 Rac8 18. hxg6 fxg6 19. Rg4 Rf6 20. Kb1 Nb4 21.
Rd2 Bxc3 22. bxc3 Rxc3 23. Qxc3 Qxg4 24. Be3 Rc6 25. Qb3 a5 26. a3 Na6 27. Qxd5+
Qe6 28. Qd8+ Kg7 29. Bd4+ Kf7 30. Qh8 Qe1+ 31. Kb2 Qxd2 32. Qg7+ Ke8 33. Qg8+
Kd7 34. Qd5+ Rd6 35. Qxb7+ Ke8 36. Qc8+ Kf7 37. Qc4+ e6 38. Qc7+ Nxc7 0-1

[Event "FIDE World Bl Team Pool C"]
[Site "London ENG"]
[Date "2025.06.14"]
[Round "12.4"]
[White "Blokhin, Sofia"]
[Black "Camacho Collados, Marcos"]
[Result "0-1"]
[WhiteTitle "WFM"]
[BlackTitle "IM"]
[WhiteElo "2057"]
[BlackElo "2462"]
[WhiteTeam "OlalaStars"]
[BlackTeam "Duobeniajan Costa Calida ESJ"]
[WhiteFideId "4508190"]
[BlackFideId "2266237"]
[EventDate "2025.06.14"]
[EventType "team"]

1. d4 Nf6 2. c4 e6 3. Nc3 Bb4 4. a3 Bxc3+ 5. bxc3 b6 6. f3 O-O 7. e4 Ne8 8. Bd3
c5 9. Be3 d6 10. Ne2 Nc6 11. O-O Ba6 12. Ng3 Na5 13. Qe2 Rc8 14. d5 Qd7 15. a4
Nf6 16. f4 exd5 17. cxd5 Bxd3 18. Qxd3 Rfe8 19. Rfe1 Re7 20. Bd2 Nb3 21. Rad1 c4
22. Qf3 Rce8 23. Re2 h6 24. Rde1 Nxd5 25. exd5 Nxd2 26. Rxd2 Rxe1+ 27. Kf2 Qc8
28. Ne2 Ra1 29. Nd4 Rae1 30. f5 Qd8 31. g3 Qg5 32. Ne6 Qxd2+ 0-1

[Event "FIDE World Bl Team Pool C"]
[Site "London ENG"]
[Date "2025.06.14"]
[Round "12.5"]
[White "Khotenashvili, Bella"]
[Black "Agafonov, Yuri Dr"]
[Result "1-0"]
[WhiteTitle "GM"]
[WhiteElo "2418"]
[BlackElo "2096"]
[WhiteTeam "Duobeniajan Costa Calida ESJ"]
[BlackTeam "OlalaStars"]
[WhiteFideId "13602640"]
[BlackFideId "11602104"]
[EventDate "2025.06.14"]
[EventType "team"]

1. Nf3 e6 2. g3 f5 3. Bg2 Nf6 4. c4 a5 5. Nc3 Bb4 6. Qc2 O-O 7. b3 Bxc3 8. Qxc3
d6 9. d3 Nc6 10. Bb2 e5 11. c5 Bd7 12. a3 Qe7 13. O-O Rfe8 14. cxd6 cxd6 15. b4
Rec8 16. Qd2 axb4 17. axb4 d5 18. b5 Nd4 19. Bxd4 exd4 20. Nxd4 Rxa1 21. Rxa1
Qc5 22. e3 g6 23. h3 Bxb5 24. Nxb5 Qxb5 25. Bf1 d4 26. e4 Kg7 27. Re1 Qc5 28. e5
Nd5 29. Bg2 Nc7 30. Bxb7 Re8 31. f4 h5 32. Bf3 Nb5 33. Qa2 Re7 34. Qa6 Kh7 1-0

[Event "FIDE World Bl Team Pool C"]
[Site "London ENG"]
[Date "2025.06.14"]
[Round "12.6"]
[White "Kiritshenko, Platon"]
[Black "Torres, Lucas"]
[Result "0-1"]
[WhiteElo "1587"]
[BlackElo "1897"]
[WhiteTeam "OlalaStars"]
[BlackTeam "Duobeniajan Costa Calida ESJ"]
[WhiteFideId "4522010"]
[BlackFideId "1769464"]
[EventDate "2025.06.14"]
[EventType "team"]

1. c4 e5 2. Nc3 Nc6 3. g3 Bc5 4. Bg2 a6 5. d3 d6 6. Nf3 f5 7. O-O h6 8. Nd5 Nf6
9. Nh4 Nxd5 10. Bxd5 Ne7 11. Bg2 O-O 12. Nf3 Be6 13. e3 Ba7 14. Qc2 Qd7 15. d4
e4 16. Nd2 c6 17. Rd1 d5 18. c5 Rae8 19. Nb3 Bb8 20. Na5 Qc7 21. Bd2 g5 22. Qb3
Bc8 23. Bh3 Ng6 24. Qb4 Rf7 25. Kf1 Ref8 26. Ke2 Kh7 27. Bc3 f4 28. Bxc8 Qxc8
29. Be1 fxe3 30. fxe3 Qh3 31. Kd2 Qxh2+ 32. Kc3 Bxg3 33. Bxg3 Qxg3 34. Re1 Rf3
35. Kd2 Qf2+ 36. Re2 Qg3 37. Qxb7+ R8f7 38. Qxc6 Rf2 39. Re1 Nh4 40. Kc2 Nf3 41.
Kd1 Nxe1 42. Rxe1 Rf1 43. Rxf1 Rxf1+ 44. Kc2 Qf2+ 45. Kb3 Qxe3+ 46. Ka4 Qxd4+
47. Ka3 Rf3+ 48. b3 Qe3 49. Qd7+ Kg6 50. Qe8+ Kf5 51. Qd7+ Kf4 52. Qd6+ Kg4 53.
Qe6+ Kg3 54. Qe5+ Kf2 55. Qh2+ Ke1 56. Qc2 Rf2 57. Qb1+ Ke2 58. Qb2+ Kf3 59.
Qf6+ Kg2 60. Qd6 Qc1+ 61. Kb4 Qd2+ 62. Ka4 Qxa2+ 63. Kb4 Qd2+ 64. Ka4 Qd4+ 65.
Ka3 Rf1 66. b4 Ra1+ 67. Kb3 Qd3+ 68. Kb2 Qb1+ 69. Kc3 Qd1 70. Qe6 Ra3+ 71. Kb2
Qa1+ 72. Kc2 Rc3+ 73. Kd2 Qc1+ 74. Ke2 0-1

[Event "FIDE World Bl Team Pool C"]
[Site "London ENG"]
[Date "2025.06.14"]
[Round "12.1"]
[White "Momunaliev, Ruslan"]
[Black "Zakarian, David"]
[Result "1-0"]
[WhiteTitle "CM"]
[BlackTitle "FM"]
[WhiteElo "2214"]
[BlackElo "2301"]
[WhiteTeam "Youth KG"]
[BlackTeam "ANI"]
[WhiteFideId "13812211"]
[BlackFideId "13301276"]
[EventDate "2025.06.14"]
[EventType "team"]

1. e4 Nc6 2. Nf3 d6 3. d4 Nf6 4. Nc3 Bg4 5. Be3 e6 6. Be2 d5 7. exd5 exd5 8. Ne5
Bxe2 9. Qxe2 Be7 10. O-O-O O-O 11. f3 Bb4 12. Qd3 a6 13. Bg5 Qd6 14. Bf4 Bxc3
15. Qxc3 Nh5 16. Be3 f6 17. Nd3 Rfe8 18. Qd2 g6 19. g4 Ng7 20. Bf4 Qd7 21. h4 b6
22. Qf2 Ne6 23. Be3 Na5 24. g5 Nc4 25. gxf6 Nxe3 26. Qxe3 c5 27. Ne5 Qa4 28. f7+
Kg7 29. fxe8=Q Rxe8 30. Qb3 1-0

[Event "FIDE World Bl Team Pool C"]
[Site "London ENG"]
[Date "2025.06.14"]
[Round "12.2"]
[White "Kiremitciyan, Ari"]
[Black "Beknazarov, Emir"]
[Result "1-0"]
[WhiteTitle "FM"]
[WhiteElo "2271"]
[BlackElo "1878"]
[WhiteTeam "ANI"]
[BlackTeam "Youth KG"]
[WhiteFideId "6373445"]
[BlackFideId "13816063"]
[EventDate "2025.06.14"]
[EventType "team"]

1. Nf3 Nf6 2. g3 d5 3. Bg2 e6 4. O-O Be7 5. b3 O-O 6. Bb2 c5 7. c4 Nc6 8. cxd5
Nxd5 9. d4 Bf6 10. e4 Ndb4 11. a3 Na6 12. e5 Be7 13. Nbd2 cxd4 14. b4 Nc7 15.
Nb3 d3 16. Nbd4 Nd5 17. Qxd3 Bd7 18. Nb3 a6 19. Rac1 Bg5 20. Nxg5 Qxg5 21. Nc5
Be8 22. Nxb7 Nce7 23. Nd6 Ba4 24. f4 Qg4 25. Qf3 Qxf3 26. Bxf3 1-0

[Event "FIDE World Bl Team Pool C"]
[Site "London ENG"]
[Date "2025.06.14"]
[Round "12.3"]
[White "Kurbanbaev, Zalkar"]
[Black "Stepanyan, Henrik"]
[Result "1-0"]
[WhiteElo "2119"]
[BlackElo "2200"]
[WhiteTeam "Youth KG"]
[BlackTeam "ANI"]
[WhiteFideId "13808524"]
[BlackFideId "401030"]
[EventDate "2025.06.14"]
[EventType "team"]

1. e4 e5 2. Nf3 d5 3. d3 dxe4 4. dxe4 Qxd1+ 5. Kxd1 Nc6 6. c3 Bc5 7. Bb5 Bd7 8.
Ke2 Nf6 9. Nbd2 O-O 10. Bd3 Rad8 11. b4 Bd6 12. a4 Bg4 13. h3 Bh5 14. g4 Bg6 15.
Nh4 Be7 16. Nxg6 hxg6 17. Nf3 Nd7 18. Be3 Rfe8 19. h4 Nf8 20. Bc4 Ne6 21. Bxe6
fxe6 22. h5 gxh5 23. Rxh5 Kf8 24. Rh7 Kf7 25. Rah1 a6 26. Nd2 b5 27. a5 Rg8 28.
R1h3 Ke8 29. Nb3 Kd7 30. Bc5 Kc8 31. Rf3 Kb7 32. Rf7 Bf8 33. Bxf8 Rdxf8 34. Nc5+
Kc8 35. Rhxg7 Rxf7 36. Rxg8+ Nd8 37. Nxe6 Rd7 38. Rxd8+ 1-0

[Event "FIDE World Bl Team Pool C"]
[Site "London ENG"]
[Date "2025.06.14"]
[Round "12.4"]
[White "Zakarian, Dimitrios Levon"]
[Black "Keneshbekov, Elim"]
[Result "0-1"]
[BlackTitle "CM"]
[WhiteElo "2079"]
[BlackElo "1883"]
[WhiteTeam "ANI"]
[BlackTeam "Youth KG"]
[WhiteFideId "453080"]
[BlackFideId "13816772"]
[EventDate "2025.06.14"]
[EventType "team"]

1. d4 Nf6 2. c4 g6 3. h4 h5 4. Nc3 Bg7 5. e4 d6 6. Bg5 O-O 7. f3 Nc6 8. d5 Ne5
9. Be2 c5 10. Nh3 a6 11. a4 Bd7 12. Nf2 b5 13. axb5 axb5 14. Rxa8 Qxa8 15. Nxb5
Bxb5 16. cxb5 Qa2 17. Qc1 Qa4 18. O-O Ra8 19. Bh6 c4 20. Bxg7 Kxg7 21. f4 Nd3
22. Nxd3 cxd3 23. Bxd3 Qd4+ 24. Kh1 Qxd3 25. e5 Ng4 26. Rf3 Qxd5 27. exd6 Qxd6
28. f5 Qh2# 0-1

[Event "FIDE World Bl Team Pool C"]
[Site "London ENG"]
[Date "2025.06.14"]
[Round "12.5"]
[White "Sezdbekova, Aizhan"]
[Black "Grigoryan, Meri"]
[Result "1-0"]
[WhiteTitle "WCM"]
[BlackTitle "WFM"]
[WhiteElo "1884"]
[BlackElo "1980"]
[WhiteTeam "Youth KG"]
[BlackTeam "ANI"]
[WhiteFideId "13803590"]
[BlackFideId "13300571"]
[EventDate "2025.06.14"]
[EventType "team"]

1. e4 c5 2. Nf3 d6 3. c3 Nc6 4. d4 cxd4 5. cxd4 e6 6. Nc3 g6 7. Be3 Bg7 8. Bb5
Bd7 9. O-O Nge7 10. d5 exd5 11. exd5 Ne5 12. Nxe5 Bxe5 13. Qa4 Bxb5 14. Qxb5+
Qd7 15. Qxd7+ Kxd7 16. Rfd1 a6 17. Bb6 Rac8 18. Bd4 Bxd4 19. Rxd4 b5 20. Ne4 Nf5
21. Rd2 Rc4 22. Re1 Rhc8 23. Nf6+ Kc7 24. g4 Nd4 25. Re7+ Kb6 26. Kg2 b4 27.
Rxf7 b3 28. axb3 Nxb3 29. Rd3 Nc1 30. Ra3 Ne2 31. Nd7+ Kb5 32. Rb3+ Ka5 33. Nb6
Rxg4+ 34. Kf3 Nd4+ 35. Kxg4 Nxb3 36. Nxc8 h5+ 37. Kg5 Nd2 38. Nxd6 Kb6 39. Ne8
Kc5 40. d6 Ne4+ 41. Kxg6 Nxd6 42. Nxd6 Kxd6 1-0

[Event "FIDE World Bl Team Pool C"]
[Site "London ENG"]
[Date "2025.06.14"]
[Round "12.6"]
[White "Mesropyan, Hayk"]
[Black "Mukanov, Iskender"]
[Result "1-0"]
[WhiteElo "1866"]
[BlackElo "1715"]
[WhiteTeam "ANI"]
[BlackTeam "Youth KG"]
[WhiteFideId "499455"]
[BlackFideId "13829599"]
[EventDate "2025.06.14"]
[EventType "team"]

1. e4 c5 2. Nf3 e6 3. d4 cxd4 4. Nxd4 Nf6 5. Bd3 Nc6 6. c3 d5 7. exd5 Nxd5 8.
Nxc6 bxc6 9. O-O Bd6 10. Nd2 h6 11. Ne4 Bc7 12. f4 O-O 13. Bc2 Ba6 14. Rf3 f5
15. Nf2 Qe7 16. Bd3 Bxd3 17. Nxd3 Rad8 18. Qe2 Nf6 19. Be3 Ne4 20. Nb4 Qe8 21.
Qc4 c5 22. Na6 Bb6 23. a4 Nd6 24. Qe2 c4 25. Bxb6 axb6 26. Nc7 Qc6 27. Qxe6+ Kh8
28. Nb5 Rfe8 29. Qg6 Qc5+ 30. Nd4 Re7 31. h4 Rde8 32. Kh2 Qd5 33. Rg3 Rf8 34.
Re1 Rf6 35. Qxf6 gxf6 36. Rxe7 Ne4 37. Rgg7 Qd6 38. g3 Qd8 39. Rh7+ Kg8 40.
Reg7+ Kf8 41. Ne6+ Ke8 42. Rh8# 1-0

[Event "FIDE World Bl Team Pool C"]
[Site "London ENG"]
[Date "2025.06.14"]
[Round "12.1"]
[White "Fromm, Marius"]
[Black "Mamedyarov, Shakhriyar"]
[Result "0-1"]
[WhiteTitle "IM"]
[BlackTitle "GM"]
[WhiteElo "2444"]
[BlackElo "2746"]
[WhiteTeam "Berlin Chess Federation"]
[BlackTeam "Generation XYZA"]
[WhiteFideId "12993190"]
[BlackFideId "13401319"]
[EventDate "2025.06.14"]
[EventType "team"]

1. e4 d5 2. exd5 Qxd5 3. Nc3 Qa5 4. d4 Nf6 5. Nf3 Bf5 6. Bc4 e6 7. Bd2 Bb4 8. a3
Bxc3 9. Bxc3 Qb6 10. Qe2 Nbd7 11. O-O-O O-O 12. h3 Nd5 13. Bd2 Qc6 14. Bd3 b5
15. g4 Bxd3 16. Qxd3 a5 17. Rhe1 b4 18. Ne5 Nxe5 19. Rxe5 Rab8 20. Rh5 g6 21.
Re5 Rfd8 22. h4 Qa4 23. h5 bxa3 24. bxa3 Nb4 25. Bxb4 axb4 26. hxg6 hxg6 27. Rh1
Qxa3+ 28. Kd2 Qb2 29. Re4 b3 30. g5 bxc2 31. Qxc2 Rxd4+ 32. Rxd4 Qxd4+ 33. Ke1
Qa1+ 0-1

[Event "FIDE World Bl Team Pool C"]
[Site "London ENG"]
[Date "2025.06.14"]
[Round "12.2"]
[White "Gurel, Ediz"]
[Black "Schneider, Ilja"]
[Result "1/2-1/2"]
[WhiteTitle "GM"]
[BlackTitle "IM"]
[WhiteElo "2636"]
[BlackElo "2417"]
[WhiteTeam "Generation XYZA"]
[BlackTeam "Berlin Chess Federation"]
[WhiteFideId "44507356"]
[BlackFideId "4663306"]
[EventDate "2025.06.14"]
[EventType "team"]

1. Nf3 Nf6 2. b3 d5 3. Bb2 Bg4 4. e3 Nbd7 5. Be2 e6 6. O-O Bd6 7. h3 Bh5 8. c4
c6 9. d3 O-O 10. Nc3 Qe7 11. Rc1 Ba3 12. Bxa3 Qxa3 13. Qc2 Rfd8 14. Qb1 a5 15.
Qa1 h6 16. Rfd1 Rac8 17. Nd4 Bxe2 18. Ndxe2 Nc5 19. Nd4 Qb4 20. Nc2 Qb6 21. d4
Nce4 22. Ne1 Nxc3 23. Rxc3 Ne4 24. Rc2 Ra8 25. Nd3 Qa6 26. Qc1 Qa7 27. Qb2 a4
28. bxa4 Qxa4 29. Rdc1 Nd6 30. Nc5 Qa7 31. cxd5 exd5 32. Qb3 b5 33. Qd3 Qa3 34.
Qe2 Re8 35. Qg4 Nc4 36. e4 dxe4 37. Nxe4 Qe7 38. Ng3 Qe6 39. Qf4 Qg6 40. Kh2 Kh7
41. h4 Rad8 42. Rc3 Rd7 43. Nf5 Qf6 44. Rg3 Rg8 45. Rcc3 Nd6 46. Rc5 Nxf5 47.
Rxf5 Qxd4 48. Rxf7 Qxf4 49. Rxf4 Ra7 50. Rc3 Rc8 51. a3 c5 52. Rf5 Rac7 53. h5
b4 54. axb4 cxb4 55. Rxc7 Rxc7 56. Rb5 Rc4 57. Kg3 Rc3+ 58. Kg4 Rc4+ 59. f4 Rc2
60. g3 Rb2 61. Kf5 b3 62. g4 Rb1 63. Rb7 Rb2 64. Rb8 Rb1 65. Rb6 Rb2 66. Rb4 Rb1
67. Ra4 Rc1 68. Rb4 Rb1 69. Rb8 Rb2 70. g5 hxg5 71. fxg5 Rf2+ 72. Kg4 Rg2+ 73.
Kf4 Rf2+ 74. Kg3 Rb2 75. Kg4 Rg2+ 76. Kf4 Rf2+ 77. Kg3 Rf1 78. Rxb3 Rg1+ 79. Kf4
Rh1 80. Kg4 Rg1+ 81. Rg3 Ra1 82. Rf3 Ra4+ 83. Rf4 Ra5 84. Rb4 Rc5 85. Kf4 Ra5
86. Re4 Rb5 87. Kg4 Ra5 88. Rf4 Rb5 89. Kh4 Ra5 90. Rf8 Ra4+ 91. Kg3 Ra3+ 92.
Rf3 Ra5 93. Kf4 Ra4+ 94. Kf5 g6+ 95. hxg6+ Kg7 96. Rb3 Ra5+ 97. Kg4 Kxg6 98.
Rb6+ Kg7 99. Kh5 Ra7 100. Rc6 Rb7 101. Rg6+ Kh7 102. Rf6 Ra7 103. Rf7+ Rxf7 104.
g6+ Kg8 105. gxf7+ Kxf7 1/2-1/2

[Event "FIDE World Bl Team Pool C"]
[Site "London ENG"]
[Date "2025.06.14"]
[Round "12.3"]
[White "Florstedt, Johannes"]
[Black "Solak, Dragan"]
[Result "0-1"]
[WhiteTitle "FM"]
[BlackTitle "GM"]
[WhiteElo "2391"]
[BlackElo "2591"]
[WhiteTeam "Berlin Chess Federation"]
[BlackTeam "Generation XYZA"]
[WhiteFideId "12922293"]
[BlackFideId "916811"]
[EventDate "2025.06.14"]
[EventType "team"]

1. e4 c6 2. d4 d5 3. e5 Bf5 4. h4 h5 5. Bd3 Bxd3 6. Qxd3 e6 7. Bg5 Be7 8. Nf3
Nh6 9. Bxh6 Rxh6 10. Nc3 Nd7 11. Ne2 c5 12. c3 c4 13. Qd2 b5 14. Qf4 Rh8 15. Ng5
Bxg5 16. hxg5 Nf8 17. g4 Ng6 18. Qe3 hxg4 19. Rxh8+ Nxh8 20. Qf4 Ng6 21. Qxg4
Ke7 22. f4 Qh8 23. Kd2 Qh4 24. Qxh4 Nxh4 25. Rh1 Nf5 26. Ke1 Rb8 27. a3 a5 28.
Kd2 Kd7 29. Rh3 b4 30. axb4 axb4 31. Kc2 Kc6 32. Rh1 Ne3+ 33. Kd2 Nf5 34. Ra1
bxc3+ 35. bxc3 Rb2+ 36. Ke1 Kb7 37. Kf2 Ne7 38. Rh1 Rc2 39. Rb1+ Kc7 40. Ra1 Kb7
41. Rb1+ Kc7 42. Ra1 Nc6 43. Ke1 Rb2 44. Kf2 Kb7 45. Ke3 Ne7 46. Kf2 Ng6 47. Ke3
Nh4 48. Rh1 Nf5+ 49. Kf2 Rxe2+ 0-1

[Event "FIDE World Bl Team Pool C"]
[Site "London ENG"]
[Date "2025.06.14"]
[Round "12.4"]
[White "Erdogmus, Yagiz Kaan"]
[Black "Schulze, Lara"]
[Result "1-0"]
[WhiteTitle "GM"]
[BlackTitle "FM"]
[WhiteElo "2626"]
[BlackElo "2317"]
[WhiteTeam "Generation XYZA"]
[BlackTeam "Berlin Chess Federation"]
[WhiteFideId "44599790"]
[BlackFideId "12956830"]
[EventDate "2025.06.14"]
[EventType "team"]

1. Nf3 Nf6 2. b3 d5 3. e3 e6 4. Bb2 Be7 5. d4 O-O 6. Nbd2 c5 7. Bd3 Nbd7 8. Ne5
Qc7 9. Qf3 b6 10. Qh3 cxd4 11. exd4 Bb7 12. O-O h6 13. Rae1 a5 14. Nxd7 Qxd7 15.
Nf3 Ba6 16. Ne5 Qc7 17. Bc1 Bxd3 18. cxd3 Nh7 19. Bf4 Qc3 20. Qg3 Bg5 21. Nd7
Rfd8 22. Nxb6 Ra6 23. Bc7 Re8 24. h4 Bf6 25. Nxd5 Qxd4 26. Nxf6+ Qxf6 27. Be5
Qg6 28. Qxg6 fxg6 29. Rc1 Nf8 30. Rc7 Rd8 31. Rxg7+ Kh8 32. Rxg6+ Kh7 33. Rg7+
Kh8 34. Rd7+ 1-0

[Event "FIDE World Bl Team Pool C"]
[Site "London ENG"]
[Date "2025.06.14"]
[Round "12.5"]
[White "Rath, Alina"]
[Black "Salimova, Nurgyul"]
[Result "0-1"]
[WhiteTitle "CM"]
[BlackTitle "IM"]
[WhiteElo "2019"]
[BlackElo "2385"]
[WhiteTeam "Berlin Chess Federation"]
[BlackTeam "Generation XYZA"]
[WhiteFideId "24607886"]
[BlackFideId "2915138"]
[EventDate "2025.06.14"]
[EventType "team"]

1. c4 e6 2. g3 d5 3. Bg2 Nf6 4. Nf3 d4 5. d3 Nc6 6. O-O Be7 7. a3 a5 8. e4 e5 9.
h3 O-O 10. b3 Nd7 11. Nh2 Nc5 12. f4 f5 13. Qc2 fxe4 14. dxe4 d3 15. Qb2 Qd4+
16. Qxd4 Nxd4 17. f5 Ne2+ 18. Kf2 Nxc1 19. Rxc1 Nxb3 0-1